000 00320 a2200157 4500
001 161648
020 _a
040 _cMagnum
100 _aMachado, Ana Maria
240 1 0 _aOs dois gemeos
_lpor
245 1 0 _aOs dois gemeos
362 0 _a1899
440 1 _aÁtica
697 _aIJ/AVENTURA, CRIANCAS
942 _cBK
999 _c161648
_d161648